LEADER 01535nam a2200313 a 4500 001 000000130689 003 CaOOAMICUS 005 20121004133645.0 008 121004s2006 it u000 u ita r 020 $a88-499-0076-7 040 $aPUL$bita 082 04$a282.092 100 1 $aLotti, Luciano,$cO.F.M. Cap.$0(OLS)http://pul/name/68691 245 12$aL'epistolario di Padre Pio :$buna lettura mistagogica /$cLuciano Lotti. 260 $a[Cittą del Vaticano] :$bLibreria editrice vaticana ;$aSan Giovanni Rotondo :$bEdizioni "Padre Pio da Pietrelcina",$c2006. 300 $a488 p. ;$c25 cm 504 $aBibliografia in nota. 600 04$aPius a Pietrelcina,$cs.,$d1887-1968$tEpistolario$xCommenti.$0(OLS)http://pul/subject/34749 850 $aPUL 852 $aPUL$W1$xDP2 Religione 3$y114$m282. 092 PIOS 1$j151109$qDDC 21$B149824$CPULBib$Z2$F149824 $H120962 $82 852 $aPUL$W1$xDP1 Fondo S. Lanza$y121$m11 A 56$j185326$qFondi$B188529$CPULBib$Z2$F188529 $H129875 $82 941 1 $a9 941 1 $a1 996 $6020$a88-499-0076-7$9(OLS)http://pul/number/150736 996 $6082$a282.092$9(OLS)http://pul/classification/402 996 $6245$aL'epistolario di Padre Pio :$buna lettura mistagogica$9(OLS)http://pul/title/165154 996 $6260$a[Cittą del Vaticano] :$bLibreria editrice vaticana$9(OLS)http://pul/publisher/49159 996 $6260$aSan Giovanni Rotondo :$bEdizioni "Padre Pio da Pietrelcina"$9(OLS)http://pul/publisher/60250 LEADER 01310nam a2200301 a 4500 001 000000142250 003 CaOOAMICUS 005 20150311141958.0 008 150311s1981 it b u000 u ita r 040 $aPUL$bita 100 1 $aTabacco, Giovanni,$d1914-2002.$0(OLS)http://pul/name/5799 245 10$aMedioevo :$bV-XV secolo /$cGiovanni Tabacco, Grado Giovanni Merlo. 260 $aBologna :$bIl Mulino,$c1981. 300 $a663 p. :$bc. geogr. ;$c22 cm 490 1 $aCollezione di testi e studi.$aStoria 490 1 $aLa civiltą europea nella storia mondiale ;$v01 504 $aBibliografia in nota. 650 4$aMedioevo$xStoria$ySec. V-XV.$0(OLS)http://pul/subject/41391 700 1 $aMerlo, Grado Giovanni,$d1945-$0(OLS)http://pul/name/16717 830 0$aCollezione di testi e di studi.$pStoria.$0(OLS)http://pul/title/13345 830 3$aLa civiltą europea nella storia mondiale ;$v01.$0(OLS)http://pul/title/75478 850 $aPUL 852 $aPUL$W1$xDP1 Fondo Capitani$y116$m10 D 48$j43664$qFondi$B164269$CPULBib$Z2$F164269 $HCap1140 $82 941 1 $a1 961 $aNota ms. di possesso: Capitani. 996 $6245$aMedioevo :$bV-XV secolo$9(OLS)http://pul/title/134048 996 $6260$aBologna :$bIl Mulino$9(OLS)http://pul/publisher/47928